La novazione: pensiero classico e disciplina giustinianea

Guardat en:
Dades bibliogràfiques
Autor principal: Lambrini, Paola (Autor)
Format: Llibre
Idioma:italià
Publicat: Padua CEDAM 2006
Edició:1a. ed
Col·lecció:Università degli Studi di Verona, 3
Matèries:
Etiquetes: Afegir etiqueta
Sense etiquetes, Sigues el primer a etiquetar aquest registre!

MARC

LEADER 00000nam a2200000 a 4500
001 UCJ0340
003 CL-VaPUC
008 060714e20060000IT |||||||||||||||||ita|d
020 |a 881326173X 
082 0 4 |a 340.54  |b LAM  |2 21 
100 |a Lambrini, Paola  |e author  |9 533933 
245 1 3 |a La novazione: pensiero classico e disciplina giustinianea 
250 |a 1a. ed 
300 |a 207 p 
942 |c BK 
945 |d 20060714 00:00:00  |a cmena 
260 |a Padua  |b CEDAM  |c 2006 
650 0 |a Derecho romano  |9 255930 
650 0 |a Historia del derecho  |9 255109 
650 0 |a Filosofía del derecho   |9 255050 
650 0 |a Jurisprudencia  |9 255952 
583 |a last modification  |c 20130305 04:00:53  |k Rodrigo Vera 
490 0 |a Università degli Studi di Verona, 3 
999 |c 317204  |d 317202 
952 |0 0  |1 0  |4 0  |6 340_540000000000000_LAM_2006  |7 0  |8 DER_ROM  |9 393226  |a BIBDER  |b BIBDER  |d 2019-11-22  |i 424849K  |o 340.54 LAM 2006  |p 424849K  |r 2023-01-25  |w 2019-11-22  |x Ubicación 4to piso  |y BK  |z Este recurso debe solicitarse con anticipación  |k DER